Энергетические приоритеты и безопасность России (нефтегазовый комплекс): монография

Bibliographische Detailangaben
1. Verfasser: Дмитриевский А. Н. Анатолий Николаевич
Körperschaften: Газпром, Газпром экспо
Weitere Verfasser: Мастепанов А. М. Алексей Михайлович, Кротова М. В. Мария Владимировна
Zusammenfassung:В современном глобализирующемся мире Россия и ее нефтегазовый комплекс неизбежно сталкиваются с целым рядом вызовов и угроз глобального характера, которые в условиях сохранения экспортно-сырьевой модели отечественной экономики способны вызвать в стране длительную экономическую рецессию и масштабный политический кризис. В работе проведено исследование основных системных вызовов мировой энергетике и связанных с ними проблем обеспечения глобальной энергетической безопасности с позиций их влияния на российский нефтегазовый комплекс. Особое внимание уделено анализу развития минерально-сырьевой базы нефтегазового комплекса и долгосрочным приоритетам развития добычи углеводородов. Книга содержит большое количество фактических и прогнозных материалов по тематике исследования. Издание предназначено как для специалистов в области экономики и топливно-энергетического комплекса, в первую очередь руководителей и топ-менеджеров нефтегазовых компаний и государственных служащих всех уровней, так и преподавателей и студентов, а также для широкого круга читателей, интересующихся проблемами и тенденциями развития российской и мировой энергетики. Список сокращений наиболее часто встречающихся терминов приведен на стр. 331.
Sprache:Russisch
Veröffentlicht: Москва, Газпром экспо, 2013
Schlagworte:
Format: MixedMaterials Buch
KOHA link:https://koha.lib.tpu.ru/cgi-bin/koha/opac-detail.pl?biblionumber=242359

MARC

LEADER 00000nam0a2200000 4500
001 242359
005 20231101231906.0
035 |a (RuTPU)RU\TPU\book\263670 
090 |a 242359 
100 |a 20130830d2013 k y0rusy50 ca 
101 0 |a rus 
102 |a RU 
105 |a a z 001zy 
200 1 |a Энергетические приоритеты и безопасность России (нефтегазовый комплекс)  |e монография  |f А. Н. Дмитриевский, А. М. Мастепанов, М. В. Кротова  |g Газпром ; Газпром экспо 
210 |a Москва  |c Газпром экспо  |d 2013 
215 |a 336 с.  |c ил. 
320 |a Библиография в конце разделов. 
330 |a В современном глобализирующемся мире Россия и ее нефтегазовый комплекс неизбежно сталкиваются с целым рядом вызовов и угроз глобального характера, которые в условиях сохранения экспортно-сырьевой модели отечественной экономики способны вызвать в стране длительную экономическую рецессию и масштабный политический кризис. В работе проведено исследование основных системных вызовов мировой энергетике и связанных с ними проблем обеспечения глобальной энергетической безопасности с позиций их влияния на российский нефтегазовый комплекс. Особое внимание уделено анализу развития минерально-сырьевой базы нефтегазового комплекса и долгосрочным приоритетам развития добычи углеводородов. Книга содержит большое количество фактических и прогнозных материалов по тематике исследования. Издание предназначено как для специалистов в области экономики и топливно-энергетического комплекса, в первую очередь руководителей и топ-менеджеров нефтегазовых компаний и государственных служащих всех уровней, так и преподавателей и студентов, а также для широкого круга читателей, интересующихся проблемами и тенденциями развития российской и мировой энергетики. Список сокращений наиболее часто встречающихся терминов приведен на стр. 331. 
606 1 |a Энергетическая безопасность  |2 stltpush  |3 (RuTPU)RU\TPU\subj\71951  |9 85609 
606 1 |a Нефтегазовый комплекс  |2 stltpush  |3 (RuTPU)RU\TPU\subj\45571  |9 64765 
610 1 |a мировая энергетика 
610 1 |a 21 век 
610 1 |a глобализация 
610 1 |a международное сотрудничество 
610 1 |a нефть 
610 1 |a минерально-сырьевая база 
610 1 |a газ 
610 1 |a углеводороды 
610 1 |a добыча 
610 1 |a приоритеты 
610 1 |a фактические материалы 
610 1 |a прогнозные материалы 
675 |a 620.9  |v 3 
675 |a 622.323  |v 3 
700 1 |a Дмитриевский  |b А. Н.  |g Анатолий Николаевич 
701 1 |a Мастепанов  |b А. М.  |g Алексей Михайлович 
701 1 |a Кротова  |b М. В.  |g Мария Владимировна 
712 0 2 |a Газпром  |c Открытое Акционерное Общество  |c (Москва)  |2 stltpush  |3 (RuTPU)RU\TPU\col\11 
712 0 2 |a Газпром экспо  |c Общество с ограниченной ответственностью  |c (Москва)  |2 stltpush  |3 (RuTPU)RU\TPU\col\18927  |9 27272 
801 1 |a RU  |b 63413507  |c 20130830 
801 2 |a RU  |b 63413507  |c 20150602  |g RCR 
942 |c BK